Novelizovaný zákon o inšpekcii práce v úplnom znení s dôvodovou správou : [ročník 2010]

Bibliographic Details
Corporate Author: Slovensko (Author)
Format: Book
Language:Slovak
PhysicalDescription:15 s. 21 cm
Published: Bratislava Epos 2010
ISBN:9788080578503
Edition:[1. vyd.]
Series:Novelizované zákony s dôvodovými správami v úplnom znení
Subjects:

MARC

LEADER 00000nam a2200000 a 4500
001 vtls010101206
003 SK-MaSNL
005 20260425235608.0
008 190927s2010 xo g fl 000 0 slo
015 |a SNBI2013 
020 |a 9788080578503  |q (brož.) 
035 |a 9493BFEC-DAE3-4BC7-99DA-77316AD027BA 
035 |a urn:nbn:sk:snk-amkag6 
035 |a urn:nbn:sk:snk-am008j21 
040 |a SNK  |b slo  |c SNK  |e AACR2 
041 |a slo 
043 |a e-xo--- 
044 |a xo  |c SK 
072 7 |a 351  |x Úlohy verejnej správy, správne opatrenia. Legislatíva  |2 konspekt 
080 |a 351.83.078.3  |2 2001 
080 |a (437.6)  |2 2001 
080 |a (094.5)  |2 2001 
080 |a (035)  |2 2001 
110 1 |a Slovensko  |4 aut  |9 266955 
240 1 0 |a Zákon o inšpekcii práce (2006, novela 2010) 
245 1 0 |a Novelizovaný zákon o inšpekcii práce  |b v úplnom znení s dôvodovou správou : [ročník 2010] 
250 |a [1. vyd.] 
260 |a Bratislava  |b Epos  |c 2010 
300 |a 15 s.  |c 21 cm 
490 1 |a Novelizované zákony s dôvodovými správami v úplnom znení 
650 0 7 |a inšpekcia práce  |2 SNKPH  |9 18746 
650 0 7 |a Labor inspection  |2 SNKPHeng  |9 402388 
651 7 |a Slovensko  |2 SNKPH  |9 14231 
651 7 |a Slovakia  |2 SNKPHeng  |9 92630 
655 7 |a zákony  |2 SNKPH  |9 70186 
655 7 |a príručky  |2 SNKPH  |9 74364 
655 7 |a Laws  |2 SNKPHeng  |9 266957 
655 7 |a Handbooks, manuals, etc.  |2 SNKPHeng  |9 90964 
830 0 |a Novelizované zákony s dôvodovými správami v úplnom znení  |9 293588 
919 |a 978-80-8057-850-3 
999 |c 833701  |d 835631 
952 |a SNK  |b SNK  |y VYP  |7 0  |p 17A0660533  |o snkSC 140594 D1  |i snk2010/11652  |8 0  |0 0  |1 0  |4 0  |d 2010-05-31  |l 0  |r 2026-02-24 03:45:56  |w 2026-02-24 
952 |a SNK  |b SNK  |y PREZ  |7 0  |p 17A0660534  |o snkSC 140594  |i snk2010/11651  |8 0  |0 0  |1 0  |4 0  |d 2010-05-31  |f 1  |l 0  |r 2025-07-08 00:00:00  |w 2026-02-24